000 00649nam a2200205Ia 4500
005 20250326143248.0
008 250326s9999 xx 000 0 und d
020 _a981-243-110-1
037 _aTextbook
040 _aFMSL
_beng
_cFMSL
041 _aeng
_2eng
084 _aX:74obD658(2:55) P1
_qFMSL
100 _aShelly Gary B
_9747731
245 0 _aBusiness data communications : introductory concepts and techniques
_cShelly Gary B; Cashman T J And Others
250 _a3
260 _aUnited Kingdom
_bUnited Kingdom, Thomson
_c2001
300 _av .
942 _cTB
_hX:74obD658(2:55) P1
999 _c1298828
_d1298828